000 00516nam a2200193Ia 4500
001 15039
003 GE_BSU
008 181216s||||||||xx |||||||||||||| ||und||
040 _cGE_BSU
100 _aВыгодский,М.Я.
245 _aАналитическая геометрия
245 _cРед.В.А.Солодков
260 _aМосква
260 _bГосиздат
260 _c1963
300 _a528стр.22см.
653 _aАналитическая геометрия
942 _cBK
999 _c48157
_d48157